000 00478 a2200169 4500
003 OSt
005 20260324120159.0
008 231028b |||||||| |||| 00| 0 eng d
020 _a9789352823680
040 _coclc
082 _a823.8
_bDIC/D
100 _aDickens, Charles
_94855
245 _aDAVID COPPERFIELD /
_cCharles Dickens
260 _aKottayam:
_bD C Books,
_c2022.
300 _a200p,
_c21 cm
942 _2ddc
_cBK
_h823.8
_iDIC/D
_k823.8
_mDIC/D
999 _c42911
_d42911